000 01007ncm a2200301 c 4500
003 BLK
005 20241005005456.0
008 180414b bul |a|er|||| |0| c|bulo|
010 _aNOT00004115000
040 _aBLK
041 _aBUL
_cBUL
080 _aДуо за две цигулки
_b785.72:787.1
_x
_z785.72:787.1
100 _aМоцарт, Волфганг Амадеус
_d1756 - 1791
_9368558
139 _aМоцарт, Волфганг Амадеус
_bМ 93
245 1 0 _aДванадесет дуета
_bЗа цигулка
_cВолфганг Амадеус Моцарт.
257 _aAUT
260 София
_bНаука и изкуство
_c1968
300 _a12 с.
_c31 см
380 _a7
650 4 _aЦигулки
_9177310
653 _aдве цигулки
852 _aЦб М ІІ 4461
_p0
856 4 _qpdf
_u
856 4 _qpdf
_u
942 _cNOT
_n0
944 _aCR
_c09.10.2017
_k
_lCRON CRON
944 _aED
_c09.10.2017
_kИрена_Линкова
999 _c322078
_d322078